| 000 | 00408nam a2200145Ia 4500 | ||
|---|---|---|---|
| 008 | 231129s2008||||xx |||||||||||||| ||spa|| | ||
| 020 | _a978-958-45-1536-0 | ||
| 040 | _bspa | ||
| 082 | _a920.72 C348m | ||
| 100 | _aCastellanos De Zubiria Susana | ||
| 245 | 0 | _aMujeres perversas de la historia | |
| 260 | _c2008 | ||
| 264 | _aBogotá Colombia : Norma | ||
| 942 |
_2ddc _cBKS |
||
| 999 |
_c21478 _d21478 |
||